Meditations for college students /

Bibliographic Details
Other Authors: Deffner, Donald L.
Format: Book
Language:English
Published: St. Louis : Concordia Pub. House, [1961]
Subjects:

MARC

Tag First Indicator Second Indicator Subfields
LEADER 00000cam a2200000 4500
001 in00000056368
005 20151007081913.0
008 770813s1961 xx 00000 eng
010 |a  61011242  
035 |a (OCoLC)03185438 
035 |9 AAF7084AM 
040 |a DLC  |c SDN  |d TXA  |d UtOrBLW 
049 |a TXAM  |c [339918] 
050 0 |a BV4850  |b .M4 
082 0 |a 242.63 
090 |a BV4850  |b .M4 1961 
092 |a 242.63  |b M491 
245 0 0 |a Meditations for college students /  |c by Donald Deffner [and others]. 
264 1 |a St. Louis :  |b Concordia Pub. House,  |c [1961] 
300 |a 152p ;  |c 20cm 
336 |a text  |b txt  |2 rdacontent 
337 |a unmediated  |b n  |2 rdamedia 
338 |a volume  |b nc  |2 rdacarrier 
650 0 |a Students  |v Prayers and devotions  |x English. 
700 1 |a Deffner, Donald L. 
999 |a MARS 
999 f f |s 48df86c1-86de-3cfc-8361-d13c78009ad3  |i 80825cf4-d6fa-3320-9cee-0a93bf1876f8  |t 0 
952 f f |p normal  |a Texas A&M University  |b College Station  |c Sterling C. Evans Library  |d Evans: Library Stacks  |t 0  |e BV4850 .M4 1961  |h Library of Congress classification  |i unmediated -- volume  |m A14800610412 
998 f f |a BV4850 .M4 1961  |t 0  |l Evans: Library Stacks